000 00994nam a22003137a 4500
003 CHAP
005 20220329141312.0
008 971010s1954 r 00010 d
010 _a66063
011 _a67035
035 _a76151
040 _cCHAP
090 _aFolleto 4151
100 0 0 _aRodríguez, Carlos.
_998983
245 1 _aTablas numéricas de cuatro decimales
260 _aMéxico, D.F. :
_bObservatorio Nacional de Tacubaya,
_c1954
300 _a31 p
590 _aBATCH-UPD
_b10
_c20130110
_lUCH01
_h0709
590 _aBATCH-UPD
_b10
_c20130410
_lUCH01
_h0355
590 _aBATCH-UPD
_b10
_c20130914
_lUCH01
_h1729
590 _aCONVERSION
_b10
_c20130109
_lUCH01
_h1336
650 1 4 _aLogaritmos.
_967470
650 1 4 _aMatemáticas
_xTablas.
_972911
901 _aBK
942 _cFOLL
949 _aFolleto 4151
_bBC
_cFOLL
_d-154164
_eTS1
_i76151
_si
949 _aFolleto 4151
_bBC
_cFOLL
_d-154166
_eTS2
_fc.2
_i76151
_si
949 _aFolleto 4151
_bBC
_cFOLL
_d-154167
_eTS2
_fc.3
_i76151
_si
999 _c66063
_d66063